| 000 | 00555nam a2200169 i 4500 | ||
|---|---|---|---|
| 001 | 128274 | ||
| 003 | ES-MaACL | ||
| 007 | t| | ||
| 008 | 070628s1984 sp ||||1| spa d | ||
| 080 | _a(038)=134.2=14 | ||
| 245 | 0 | 0 |
_aDiccionario griego español / _cpublicado por la dirección de Florencio I. Sebastián Yarza. |
| 260 |
_aBarcelona : _bRamón Sopena, _c[1984] |
||
| 300 |
_a941 p. ; _c26 cm. |
||
| 650 | 1 | 4 |
_aLengua griega- _vDiccionarios- _xEspañol. _914242 |
| 700 | 1 |
_aSebastián Yarza, Florencio. _9105022 |
|
| 852 |
_aES-MaACL _jL-6862 _bR.106598 |
||
| 999 |
_c128274 _d128274 |
||